[Event "World-ch Carlsen-Karjakin +2-2=10"]
[Site "New York"]
[Date "2016.11.23"]
[Round "9"]
[White "Karjakin, Sergey"]
[Black "Carlsen, Magnus"]
[Result "1/2-1/2"]
[WhiteElo "2769"]
[BlackElo "2853"]
[Annotator "Caruana,F"]
[PlyCount "148"]
[EventDate "2016.11.11"]
[EventType "match"]
[EventRounds "12"]
[EventCountry "USA"]
[SourceTitle "CBM 176"]
[Source "ChessBase"]
[SourceDate "2017.01.17"]
[SourceVersion "1"]
[SourceVersionDate "2017.01.17"]
[SourceQuality "1"]

{Eu esperava um empate bastante manso, mas em vez disso fomos agraciados com
um jogo de luta extremamente complexo, com uma abertura geralmente não vista
no nível superior. A variação do Arcanjo certamente não era esperada pela
maioria das pessoas, e provavelmente não pelo campo de Karjakin também.
Jogá-lo requer uma enorme quantidade de conhecimento, por isso é provável
que Carlsen o tenha preparado antes do jogo como reforço das suas principais
defesas. Eu tenho alguma experiência jogando isso como Black contra Karjakin,
já que foi o meu mainstay se abrindo por um tempo, e nós jogamos vários
jogos interessantes. Como tentativa de vencer, pode funcionar se o oponente
estiver mal preparado ou surpreso, mas Karjakin se mostrou à altura da tarefa.
(Caruana)} 1. e4 e5 2. Nf3 Nc6 3. Bb5 a6 4. Ba4 Nf6 5. O-O b5 6. Bb3 Bc5 {
A variação do Arcanjo certamente não era esperada pela maioria das pessoas,
e provavelmente não pelo campo de Karjakin também. Jogá-lo requer uma
enorme quantidade de conhecimento, por isso é provável que Carlsen o tenha
preparado antes do jogo como reforço das suas principais defesas. Eu tenho
alguma experiência jogando isso como Black contra Karjakin, já que foi o meu
mainstay se abrindo por um tempo, e nós jogamos vários jogos interessantes.
Como tentativa de vencer, pode funcionar se o oponente estiver mal preparado
ou surpreso, mas Karjakin se mostrou à altura da tarefa.} 7. a4 Rb8 8. c3 d6
9. d4 Bb6 10. axb5 ({Aceitando o sacrifício de peão} 10. a5 {Eis a rota. Em
2012, Alexey Kuzmin deu uma boa descrição do contexto teórico nesta
Pesquisa no Anuário 105. Embora possa não haver uma vitória forçada após
a aceitação do sacrifício do peão (Kuzmin chamou de "uma decisão ruim"),
é claro que Black enfrenta uma luta difícil depois de} Nxa5 11. Rxa5 Bxa5 12.
dxe5 Ng4 13. Bg5 f6 14. exf6 gxf6 15. Bh4 c5 16. h3 h5 17. Bd5 $1 {[#]
Divergências iniciais - Portanto, pode-se concluir que o bispo deve retornar
a a7. Depois de 10...Ba7 11.h3 a linha principal é 11...0-0, mas Há
divergências precoces. Fabiano Caruana foi bem sucedido em um final quando
Kateryna Lagno jogou 11 ... h6 contra ele, mas parece haver pouco errado com
11 .... Bb7. Depois de 11 ... 0-0 12. Be3 (nos primeiros dias de 10.a5, 12.Te1
era prevalente, mas isto quase não é mais visto) O preto pode pegar o peão
a4 de duas maneiras: imediatamente ou depois de 12 ... exd4 13.cxd4. Embora os
cavalos em e4 e c6 estejam desprotegidos. O preto pode recorrer a um número
surpreendente de manobras táticas para se manter à tona. um tesouro para os
estrategistas!}) 10... axb5 11. Na3 {A variação do Arcanjo certamente não
era esperada pela maioria das pessoas, e provavelmente não pelo campo de
Karjakin também. Jogá-lo requer uma enorme quantidade de conhecimento, por
isso é provável que Carlsen o tenha preparado antes do jogo como reforço
das suas principais defesas. Eu tenho alguma experiência jogando isso como
Black contra Karjakin, já que foi o meu mainstay se abrindo por um tempo, e
nós jogamos vários jogos interessantes. Como tentativa de vencer, pode
funcionar se o oponente estiver mal preparado ou surpreso, mas Karjakin se
mostrou à altura da tarefa.} O-O 12. Nxb5 Bg4 13. Bc2 exd4 14. Nbxd4 Nxd4 15.
cxd4 Bxf3 16. gxf3 Nh5 17. Kh1 {Eu sempre senti que essa linha era uma das
mais desagradáveis ​​para os negros. O branco evita qualquer risco e
espera provar a vantagem do par de bispos após a abertura do centro,
geralmente quando White sacrifica um peão com e5 ou f4. Enquanto isso, Black
tem que estar constantemente à procura de táticas.} Qf6 18. Be3 c5 $5 {
Anos atrás, quando Rustam Kasimdzhanov estava fritando algumas bananas, ele
me explicou que esse movimento era a melhor chance para o empate de Black.
Depois de analisá-lo, ele tentou contra Nakamura na olimpíada de Tromso em
2014. Carlsen e sua equipe também devem ter sentido que essa era a melhor
maneira de Black abordar a posição.} 19. e5 Qe6 20. exd6 c4 $1 {Este
movimento incomum é o ponto atrás de 18 ... c5. O preto mantém o centro
fechado e planeja capturar d6 em seguida e criar ameaças de acasalamento
depois com ... Bc7.} 21. b3 cxb3 (21... c3 {foi como Rustam abordou a
posição e, embora possa ser jogável, ele perdeu o jogo. A escolha de
Carlsen é talvez a melhor maneira de equalizar.} 22. d5 Qxd6 23. Ra6 Nf4 24.
Ra4 Ng6 25. Qd3 Bc7 26. f4 {Nakamura-Kasimdzhanov, Tromso ol 2014, E o Preto
foi superado.}) 22. Bxb3 Qxd6 23. Ra6 {Depois de 23 movimentos, chegamos a uma
posição crítica, que certamente foi analisada por ambos os jogadores e suas
equipes. Magnus mergulhou no pensamento aqui, o que talvez signifique que ele
esqueceu o que ele havia preparado, ou que ele estava decidindo entre duas
opções mais ou menos equivalentes.} Rfd8 ({Outra opção de jogo} 23... Qd7 {
imediatamente, e considerando as táticas Bxf7 que aconteceram mais tarde no
jogo, manter a torre no f8 por enquanto mereceu consideração.} 24. Rg1 g6 {
Tenho a sensação de que isso teria oferecido ao preto melhores chances de
igualdade.}) 24. Rg1 Qd7 25. Rg4 {Eu pensei que colocar a torre em h4 era
muito estranho, mas não havia outra maneira conveniente de defender o
peão-d4. Os próximos doze movimentos são muito difíceis de explicar. A
posição é altamente concreta e é provável que ambos os jogadores
estivessem criando e reagindo a ameaças imediatas; o resultado final é um
jogo muito computadorizado.} ({Um sacrificio tentador} 25. Rg5 g6 26. Rxh5 gxh5
{parece levar a lugar nenhum.}) ({A sugestão de computador:} 25. Bc4 Bxd4 26.
Bg5 {Levaria a um final muito interessante:} Rdc8 27. Ra4 Rc7 28. Bxf7+ Qxf7
29. Rxd4 Rf8 30. Rd8 Rc8 31. Rxc8 Rxc8 {e as chances de vitória do branco
são mínimas}) 25... Nf6 26. Rh4 Qb5 27. Ra1 g6 {Este movimento é geralmente
útil, fornecendo luft para o rei preto.} 28. Rb1 Qd7 29. Qd3 Nd5 30. Rg1 {
Agora os planos do branco são claros. Rooks nos arquivos abertos e um bispo
em b3 abrem o caminho para um eventual sacrifício de torre em g6, h7 ou um
sacrifício de bispo em f7. A ameaça imediata é de Bg5.} Bc7 31. Bg5 Re8 32.
Qc4 Rb5 $1 {Um excelente movimento, mas não tenho certeza se foi um que foi
calculado com precisão por qualquer um dos jogadores.} (32... Nb6 $4 33. Qxf7+
Qxf7 34. Bxf7+ Kxf7 35. Rxh7+ {mostra as táticas disponíveis à disposição
do branco.}) 33. Qc2 (33. Ba4 {é claro, é crítico. Branco parece ganhar uma
torre, mas Black tem uma resposta sorrateira:} Qf5 $1 34. Qf1 $1 {Interpor com
a rainha no g2 é a única maneira de salvar o branco. Agora, o preto tem
apenas um movimento para permanecer no jogo:} Rb1 $3 (34... Qxf3+ 35. Qg2 Qxg2+
36. Kxg2 {Vitória do branco}) 35. Qxb1 Qxf3+ 36. Rg2 Nc3 37. Qf1 Nxa4 {
e o preto tem compensação pela troca na forma das forças descoordenadas do
branco e uma poderosa rainha em f3. No entanto, p branco ainda pode tentar se
reagrupar e jogar por uma vitória, mesmo que o empate seja o resultado mais
provável.}) 33... Ra8 $6 {Depois disso, Black novamente experimenta
dificuldades.} (33... Rb4 {Recomendação da máquina, contra} 34. Bd2 Re2 $1)
34. Bc4 Rba5 35. Bd2 Ra4 36. Qd3 Ra1 37. Rxa1 Rxa1+ 38. Kg2 Ne7 $2 {Quase o
erro decisivo, mas praticamente esse movimento foi difícil de punir.} ({
Depois de algo como} 38... Bd8 39. Re4 Nf6 {, O preto ainda é claramente pior,
mas ele tem chances decentes de segurar devido ao contra-ataque ao rei branco.}
) 39. Bxf7+ {Muito tentador, mas não correto. Depois desse sacrifício, todos
na sala dos espectadores ficaram muito animados e começaram a prever uma
vitória para Karjakin. No entanto, toda a linha se torna muito forçado e
leva a uma posição de de empate.} (39. Qb3 $1 {Seria melhor} Nf5 (39... Qf5
40. Re4 Bd6 41. Qb7 {apenas ganha material, pois o cavalo está preso.}) 40.
Bxf7+ Kg7 (40... Qxf7 41. Qxf7+ Kxf7 42. Rxh7+ Ke6 43. Rxc7 {, e este final
provavelmente está perdido ou, pelo menos, muito difícil de manter.}) 41. Rh3
{Parece que o preto deve ter contra-ataque aqui, mas não há caminho para
criar ameaças ao rei branco. Acontece que o rei preto está terminalmente em
perigo.} Qe7 42. Bg8 h5 43. d5 {, e Bc3 está vindo. É claro que isso não
garantiria uma vitória, já que a posição continua muito complicada,
especialmente em problemas de tempo, mas objetivamente Karjakin teria boas
chances de vitória como essa.}) 39... Kxf7 40. Qc4+ Kg7 41. d5 ({Meu primeiro
pensamento durante o jogo foi} 41. Rxh7+ Kxh7 42. Qf7+ Kh8 43. Bh6 {, com o
companheiro eu pensei, mas depois eu vi} Qxd4 {e a mesa virou. Pretas
venceriam.}) (41. Bh6+ Kf6 $1 {é surpreendentemente ruim para White, já que
o ataque não leva a lugar nenhum.}) 41... Nf5 {Agora tudo é forçado} (41...
Be5 $2 42. Bc3 Qd6 43. Qf4 $1 {é uma vitória muito engenhosa, com um duplo
no rei e na rainha preta.}) 42. Bc3+ Kf8 43. Bxa1 Nxh4+ 44. Qxh4 Qxd5 {E aqui
ficou claro que Carlsen não perderia o jogo. O branco não está ganhando h7
e sua vantagem de peão não é suficiente para causar problemas
significativos para o preto. Karjakin tentou arduamente criar progresso aqui,
mas sem sucesso.} 45. Qf6+ Qf7 46. Qd4 Ke8 47. Qe4+ Qe7 48. Qd5 Bd8 49. Kf1 Qf7
50. Qe4+ Qe7 51. Be5 Qe6 52. Kg2 Be7 53. Qa8+ Kf7 54. Qh8 h5 55. Qg7+ Ke8 56.
Bf4 Qf7 57. Qh8+ Qf8 58. Qd4 Qf5 59. Qc4 Kd7 60. Bd2 Qe6 61. Qa4+ Qc6 62. Qa7+
Qc7 63. Qa2 Qd6 64. Be3 Qe6 65. Qa7+ Ke8 66. Bc5 Bd8 67. h3 Qd5 68. Be3 Be7 69.
Qb8+ Kf7 70. Qh8 Qe6 71. Bf4 Qf6 72. Qb8 Qe6 73. Qb7 Kg8 74. Qb5 Bf6 {
Finalmente, Karjakin desistiu de tentar vencer. Magnus sobreviveu a uma
posição difícil! Se ele tivesse perdido, a partida teria sido praticamente
decidida, mas agora ainda é uma competição aberta. Amanhã Carlsen tem
brancas para tentar vencer; ele não conseguiu converter suas vantagens até o
momento no jogo, então vamos ver se ele pode vencer nos últimos jogos
cruciais.} 1/2-1/2

[Event "Linares 17th"]
[Site "Linares"]
[Date "2000.03.01"]
[Round "3"]
[White "Anand, Viswanathan"]
[Black "Shirov, Alexei"]
[Result "0-1"]
[WhiteElo "2769"]
[BlackElo "2751"]
[Annotator "Blatny,P"]
[PlyCount "82"]
[EventDate "2000.02.28"]
[EventType "tourn"]
[EventRounds "10"]
[EventCountry "ESP"]
[EventCategory "21"]
[SourceTitle "CBM 076"]
[Source "ChessBase"]
[SourceDate "2000.05.31"]
[SourceVersion "1"]
[SourceVersionDate "2000.05.31"]
[SourceQuality "1"]

1. e4 e5 2. Nf3 Nf6 3. Nxe5 d6 4. Nf3 Nxe4 5. d4 d5 6. Bd3 Bd6 7. O-O O-O 8. c4
c6 9. cxd5 cxd5 10. Nc3 Nxc3 11. bxc3 Bg4 12. Rb1 Nd7 13. h3 Bh5 14. Rb5 Nb6
15. c4 Bxf3 16. Qxf3 dxc4 17. Bc2 Qd7 18. a4 g6 19. Be3 (19. Bd2 c3 $1 {
see Kasparov-Shirov/Linares 2000/CBM76}) 19... Rac8 20. Rfb1 c3 21. a5 Nc4 22.
Rxb7 Qe6 (22... Rc7 23. a6 Nxe3 24. fxe3 Rfc8 25. Kh1 Bf8 26. Rf1 Bh6 27. Bb3
Rf8 28. e4 Rxb7 29. axb7 Qxb7 30. Qxc3 $14 {De Firmian,N-Rozentalis,E/Wichern
op 5th 1999/EXT 2000/1/2-1/2 (55)}) 23. Ra1 $1 (23. Rc1 Nxe3 24. fxe3 Rc7 25.
Bb3 Qe7 26. a6 Kg7 27. Rxc7 Qxc7 28. Qb7 Rc8 $11 {Kazhgaleyev,M-Arencibia,W/
Elista ol (Men) 1998/CBM 66 ext/1/2-1/2 (44)}) (23. Rxa7 Nd2 $17) 23... Bb8 $6
(23... Nxe3 24. fxe3 $14) 24. Bb3 $1 Qd6 25. g3 Nxe3 26. Bxf7+ (26. fxe3 Rc7
27. Rxc7 Bxc7 $13) (26. Qxe3 Rc7 27. Rxc7 Qxc7 $13) (26. Rxf7 $2 Rxf7 $19)
26... Kh8 27. Qxe3 (27. fxe3 $2 Rc7 28. Rxc7 Bxc7 $19) 27... Qf6 28. Be6 Rce8
29. d5 Be5 $1 {/\Bd4} (29... Qf3 30. Qd4+ Qf6 31. Ra4 $18) 30. Ra2 $2 (30. Qxa7
Rxe6 $1 31. dxe6 (31. Rxh7+ Kg8 32. dxe6 $40) 31... Bd4 32. Rxh7+ Kg8 33. Qb7
Qxf2+ 34. Kh1 c2 $1 (34... Qf1+ 35. Rxf1 Rxf1+ $11) 35. Rf7 Bxa1 36. Rxf2 c1=Q+
37. Kg2 Rxf2+ 38. Kxf2 Bd4+ $40 39. Ke2 Qe3+ 40. Kd1 Qxe6 $17) (30. Rb4 Rb8 31.
Rc4 c2 32. Rc1 Rb1 33. R4xc2 Bd4 34. Qf4 Rxc1+ 35. Rxc1 Bxf2+ 36. Kg2 Qg7 37.
Qe4 $16) (30. Ra4 $1 Rb8 (30... c2 31. Rc4 Bd4 32. Qf4 Qxf4 33. gxf4 $18) 31.
a6 c2 32. Rc4 Bd4 33. Qf4 Qxf4 (33... Bxf2+ 34. Kg2 Qxf4 35. gxf4 Rxf4 36. Rcc7
$18) 34. gxf4 Rxf4 35. Rxc2 $18) 30... Bd4 31. Qe1 (31. Qe2 Qxf2+ 32. Qxf2 Rxf2
33. Rxf2 Rf8 34. Rbf7 (34. Kf1 Rxf2+ 35. Ke1 Rh2 36. Rc7 c2 37. d6 Bf2+ 38. Kf1
(38. Kd2 Bc5+ 39. Kc1 Ba3#) 38... Bxg3 39. Rc8+ Kg7 40. d7 Bh4 41. Bd5 Rd2 $19)
(34. d6) 34... Rxf7 35. Bxf7 c2 $19) 31... Qf3 32. Kh2 Qxd5 33. Bxd5 Rxe1 34.
Kg2 (34. Rf7 $142 Rxf7 35. Bxf7) (34. f4 $5) 34... Bxf2 $1 35. Rf7 $19 (35.
Rxf2 $5 Rxf2+ 36. Kxf2 c2 $19) 35... Rxf7 36. Bxf7 Bc5 37. Bb3 Kg7 38. Rc2 Bd4
39. a6 (39. h4 Re3 $19) 39... Kf6 40. Ra2 Ke5 41. h4 (41. Kf3 Re3+ 42. Kg2 Ke4
$19) 41... Ke4 0-1

[Event "Wch Blitz"]
[Site "Doha"]
[Date "2016.12.30"]
[Round "15"]
[White "Mamedyarov, Shakhriyar"]
[Black "Inarkiev, Ernesto"]
[Result "1-0"]
[WhiteElo "2768"]
[BlackElo "2709"]
[PlyCount "73"]
[EventDate "2016.12.29"]
[EventType "swiss (blitz)"]
[EventRounds "21"]
[EventCountry "QAT"]
[SourceTitle "CBM 176 Extra"]
[Source "ChessBase"]
[SourceDate "2017.03.02"]
[SourceVersion "1"]
[SourceVersionDate "2017.03.02"]
[SourceQuality "1"]

1. d4 Nf6 2. Nf3 e6 3. c4 d5 4. Nc3 Bb4 5. Qa4+ Nc6 6. e3 O-O 7. Qc2 dxc4 8.
Bxc4 a6 9. a3 Bd6 10. O-O e5 11. h3 Bd7 12. Rd1 exd4 13. exd4 h6 14. Be3 Ne7
15. Ne5 b5 16. Ba2 c6 17. Ne4 Nxe4 18. Qxe4 Bf5 19. Qf3 Qc8 20. Nxf7 Rxf7 21.
Bxf7+ Kxf7 22. g4 Qd7 23. gxf5 Nxf5 24. Rac1 Rc8 25. b4 Kg8 26. d5 cxd5 27.
Rxd5 Rxc1+ 28. Bxc1 g6 29. Bf4 Qe6 30. Bxd6 Nxd6 31. Rd1 Nf7 32. Rc1 h5 33. Rc6
Qe1+ 34. Kg2 Ne5 35. Qd5+ Kh7 36. Re6 Nd3 37. Qd7+ 1-0

[Event "WchT 8th"]
[Site "Ningbo"]
[Date "2011.07.18"]
[Round "2.1"]
[White "Ivanchuk, Vassily"]
[Black "Wang, Hao"]
[Result "1/2-1/2"]
[WhiteElo "2768"]
[BlackElo "2718"]
[PlyCount "118"]
[EventDate "2011.07.17"]
[EventType "team-tourn"]
[EventRounds "9"]
[EventCountry "CHN"]
[SourceTitle "CBM 144"]
[Source "ChessBase"]
[SourceDate "2011.09.16"]
[SourceVersion "1"]
[SourceVersionDate "2011.09.16"]
[SourceQuality "1"]
[WhiteTeam "Ukraine"]
[BlackTeam "China"]
[WhiteTeamCountry "UKR"]
[BlackTeamCountry "CHN"]

1. e4 c5 2. Nf3 d6 3. d4 cxd4 4. Nxd4 Nf6 5. Nc3 Nc6 6. Bc4 Bd7 7. O-O g6 8.
Nxc6 Bxc6 9. Nd5 Bg7 10. Bg5 O-O 11. Bxf6 Bxf6 12. Nxf6+ exf6 13. Qd4 f5 14.
exf5 Qg5 15. f3 Qxf5 16. Rf2 Qc5 17. Rd1 Rfe8 18. Rfd2 a5 19. a3 Re7 20. b4
axb4 21. axb4 Qg5 22. Qf2 Ra4 23. h4 Qe5 24. Rd4 Ra3 25. Rxd6 Rc3 26. Bb3 Re3
27. Rd8+ Be8 28. R8d5 Qc7 29. Rc5 Bc6 30. h5 Qf4 31. Rc4 Qf6 32. h6 Re8 33. Qg3
R3e5 34. Rf4 Rf5 35. Rdd4 Qe5 36. Qh4 Qe3+ 37. Kh2 Rh5 38. Bxf7+ Kh8 39. Qxh5
gxh5 40. Bxe8 Qxe8 41. Rf5 Qe7 42. c4 Kg8 43. c5 Bd7 44. Re4 Qd8 45. Rd5 Kf7
46. Rf4+ Ke6 47. Rfd4 Qb8+ 48. f4 Bc6 49. Rg5 Ke7 50. Rd6 Be8 51. b5 Qc8 52. b6
h4 53. Re5+ Kf7 54. f5 Qa8 55. f6 Qa4 56. Re7+ Kf8 57. Rd8 Qf4+ 58. Kh1 Qf1+
59. Kh2 Qf4+ 1/2-1/2

[Event "chess.com Speed 3m+1spm 2018"]
[Site "chess.com INT"]
[Date "2018.09.20"]
[Round "2.16"]
[White "Aronian, L."]
[Black "Giri, A."]
[Result "1-0"]
[WhiteElo "2767"]
[BlackElo "2782"]
[PlyCount "75"]
[EventDate "2018.07.24"]
[EventType "k.o. (blitz)"]
[EventRounds "4"]
[EventCountry "USA"]
[SourceTitle "The Week in Chess 1246"]
[Source "Mark Crowther"]
[SourceDate "2018.09.24"]
[SourceVersion "1"]
[SourceVersionDate "2018.09.24"]
[SourceQuality "2"]

1. d4 d5 2. Bf4 Bf5 3. Nf3 Nf6 4. e3 e6 5. Be2 Bd6 6. Bg3 O-O 7. Nbd2 c5 8. c3
Nc6 9. Qa4 Ne4 10. Nxe4 Bxe4 11. Qb5 a6 12. Qb3 b5 13. O-O Bxg3 14. hxg3 cxd4
15. cxd4 Bxf3 16. gxf3 Na5 17. Qb4 Nc4 18. a4 a5 19. Qxb5 Rb8 20. Bxc4 Rxb5 21.
Bxb5 Qd6 22. Rac1 Qb4 23. Kg2 Qxb2 24. Rc7 h5 25. Rfc1 g6 26. R1c6 Qb4 27. Ra7
Qe1 28. Rcc7 g5 29. Re7 h4 30. Be8 hxg3 31. fxg3 Qe2+ 32. Kh3 Qxf3 33. Bxf7+
Rxf7 34. Rxf7 Qh5+ 35. Kg2 Qe2+ 36. Rf2 Qxe3 37. Rb2 Qe4+ 38. Kh2 1-0

[Event "chess.com Speed 3m+1spm 2018"]
[Site "chess.com INT"]
[Date "2018.12.01"]
[Round "3.16"]
[White "Aronian, L."]
[Black "Nakamura, Hi"]
[Result "1-0"]
[WhiteElo "2767"]
[BlackElo "2777"]
[PlyCount "97"]
[EventDate "2018.07.24"]
[EventType "k.o. (blitz)"]
[EventRounds "4"]
[EventCountry "USA"]
[SourceTitle "The Week in Chess 1256"]
[Source "Mark Crowther"]
[SourceDate "2018.12.03"]
[SourceVersion "2"]
[SourceVersionDate "2018.12.06"]
[SourceQuality "2"]

1. e4 e5 2. Nf3 Nc6 3. Bc4 Bc5 4. c3 Nf6 5. d4 exd4 6. e5 d5 7. Be2 Ne4 8. cxd4
Bb6 9. Nc3 O-O 10. O-O f6 11. exf6 Nxc3 12. bxc3 Qxf6 13. h3 Bf5 14. a4 Rae8
15. Nh2 Ba5 16. Ra3 Ne7 17. Rb3 b6 18. Bh5 Ng6 19. Nf3 c6 20. Ba3 Rf7 21. Ne5
Nxe5 22. dxe5 Qxe5 23. Bxf7+ Kxf7 24. Bb4 Bxb4 25. cxb4 d4 26. Rg3 Kg8 27. Qh5
Bc2 28. Qh4 d3 29. Re3 Qb8 30. Qc4+ Kh8 31. Qxc6 Rc8 32. Rfe1 Rg8 33. Qc3 Qd6
34. Qd2 a5 35. bxa5 bxa5 36. Re4 Rf8 37. Rc4 Qb6 38. Ree4 h6 39. Rf4 Rb8 40.
Kh2 Qe6 41. Rce4 Qd6 42. Rd4 Qe5 43. g3 Kh7 44. Rd7 Rb6 45. Rff7 Rg6 46. h4 Rg4
47. Kg2 Qe2 48. Qc3 Qe4+ 49. f3 1-0

[Event "chess.com Speed 2019"]
[Site "chess.com INT"]
[Date "2019.10.02"]
[Round "1.25"]
[White "Mamedyarov, S."]
[Black "So, W."]
[Result "0-1"]
[WhiteElo "2767"]
[BlackElo "2767"]
[PlyCount "56"]
[EventDate "2019.09.02"]
[EventType "k.o. (blitz)"]
[EventRounds "4"]
[EventCountry "USA"]
[SourceTitle "The Week in Chess 1301"]
[Source "Mark Crowther"]
[SourceDate "2019.10.14"]
[SourceVersion "2"]
[SourceVersionDate "2019.10.21"]
[SourceQuality "2"]

1. Nc3 Nc6 2. e4 e5 3. Nf3 Nf6 4. Bc4 Nxe4 5. Bxf7+ Kxf7 6. Nxe4 d5 7. Neg5+
Kg8 8. d3 h6 9. Nh3 g5 10. Nhg1 Bg7 11. c3 Bf5 12. Ne2 e4 13. Nfd4 Nxd4 14.
Nxd4 Bxd4 15. cxd4 exd3 16. O-O Kg7 17. h4 Qf6 18. Qf3 Be4 19. Qg3 Qd6 20. Qg4
Raf8 21. hxg5 hxg5 22. f4 Qg6 23. Bd2 Rh4 24. Qg3 Qh5 25. Kf2 Rg4 26. Rh1 Rxg3
27. Rxh5 Rxg2+ 28. Ke1 Rg1+ 0-1